000 00825cab a2200265 4500
001 ABS57510
008 090401t1997 xxu||||| |||| 00| 0 eng d
035 _a(Sirsi) u80617
041 _aeng
100 _aLewis, R.
245 _aBehind the facade
260 _c1997
350 _a0
490 _aEstates Gazette
_v(9735) 30 August 1997, 85-86(3)
520 _aConsiders how the recent decision in "Shimizu (UK) Ltd v Westminster CC" has affected existing planning legislation relating to listed buildings and buildings in conservation areas.
650 _aALTERATION
650 _aCONSERVATION AREAS
650 _aDEMOLITION
650 _aLISTED BUILDINGS
650 _aSHIMIZU V WESTMINSTER CC
690 _aPLANNING LAW AND PRACTICE
700 _aHarding Roots, S
942 _n0
948 _c02/09/1997
999 _c50748
_d50748